Представление документа в формате MARC21

Поле Инд. ПП Название Значение
Тип записи a
Библиографический уровень m
001 Контрольный номер d34507c554e34db687b3a96cb5245aaa
005 Дата корректировки 20260220105403.7
020 a ISBN 9785389144088
040 b Код языка каталог. rus
041 0_ a Код языка текста rus
084 a Индекс другой классификации/Индекс ББК 84(4Вел)6-44
090 a Полочн. индекс 84(4Вел)6-44
x Авторский знак Р 341
100 1_ a Автор Резерфорд Э.
q Полное имя Резерфорд Эдвард
u Дополнение к имени Rutherfurd E.
245 10 a Заглавие Лондон
b Продолж. заглавия роман: в 2 т.
c Ответственность перевод с английского А. К. Смирнова; ответственный редактор О. Рейнгеверц; редактор А. Чукуров; оформление обложки В. Манацковой
h Физич. носитель Текст
n Номер части/ раздела Т.2
246 01 a Другая форма заглавия London
260 a Место издания Санкт-Петербург
b Издательство Азбука
b Издательство Азбука-Аттикус
c Дата издания 2020
300 a Объем 608 с.
336 a Термин вида содержания Текст
337 a Термин типа средства непосредственный
440 _0 a Серия The Big Book
650 04 a Основная рубрика художественная литература
653 0_ a Ключевые слова XX век
a Ключевые слова английская литература
a Ключевые слова Великобритания
655 a Жанр/ форма (устаревшее) проза
a Жанр/ форма (устаревшее) роман
700 12 a Автор Смирнов А. К.
e Роль лиц переводчик
700 12 e Роль лиц переводчик
700 12 a Автор Рейнгеверц О.
e Роль лиц редактор
700 12 a Автор Чукуров А.
e Роль лиц редактор
700 12 a Автор Манацкова В.
e Роль лиц художник
900 a Имя электронного ресурса obl_Rutherfurd_London2
x Справочная информация Обложка
901 t Тип документа m
952 a Тип литературы для КСУ ВШ ЛХИ